1048 1039 1948 1697 1973 1153 1511 1953 1866 1539 1627 1322 1044 1953 1616 1131 1327 1992 1617 1611 1489 1137 1290 1929 1912 1452 1414 1222 1607 1088 1224 1888 1390 1827 1568 1596 1202 1057 1824 1650 1453 1275 1876 1327 1673 1706 1636 1448 1473 1033 1712 1097 1363 1407 1140 1923 1158 1461 1695 1517 1203 1264 1817 1865 1987 1331 1527 1614 1584 1076 1077 1317 1196 1269 1566 1258 1009 1607 1234 1116 1369 1921 1878 1785 1555 1186 1860 1868 1282 1947 1924 1616 1728 1759 1694 1183 1323 1959 1639 BCNSPRNW ULIB Ver.6.0+V

เปลี่ยนเป็นภาษาไทย

Change to English
 แสดงรายละเอียดบรรณานุกรม
  กลับหน้าหลัก

Brief Record : Get Marc (ISO 2709) : E-mail record : QR code < ปิดหน้าต่าง
LEADER : 00000nam 2200000uu 4500
001    13399121156
003     ULIB
008    121107s2554||||th 000 0 tha d
020    ^a9789747533941
060 04 ^aWC100^bU66
245 00 ^aUpdate on pediatric infectious diseases 2012 /^cบรรณาธิการ
246 30 ^aPediatric infectious diseases 2012
250    ^aพิมพ์ครั้งที่ 1
260    ^aกรุงเทพฯ :^bสมาคมโรคติดเชื้อในเด็กแห่งประเทศไทย,^c2554
300    ^axi, 278 หน้า :^bภาพประกอบ ;^c28 ซม.
650  4 ^aกุมารเวชศาสตร์
650  4 ^aเด็ก^xโรค^xการรักษา
650  4 ^aโรคติดต่อ^xในวัยทารกและวัยเด็ก
650  4 ^aโรคติดต่อเชื้อ, การควบคุม
700 0  ^aพิรังกูร เกิดพานิช,^eบรรณาธิการ
700 0  ^aวีระชัย วัฒนาวีรเดช,^eบรรณาธิการ
700 0  ^aทวี โชติพิทยสุนนท์,^eบรรณาธิการ
710 2  ^aสมาคมโรคติดเชื้อในเด็กแห่งประเทศไทย
945    ^p400^l0^i032967
945    ^p400^l0^i032968
945    ^p400^l0^i033814
945    ^p400^l0^i033815
995    ^aเกษร
999    ^aใช้งานได้ทุกระบบ
รายการนี้ยังไม่มีแท็ก
คุณยังไม่ได้ล็อกอิน คุณสามารถมีกิจกรรมร่วมกับเว็บไซต์ได้ แต่ต้องล็อกอินก่อน ::
  ล็อกอิน

รายการสื่อสารสนเทศ

ลำดับที่ ประเภท เลขเรียก/บาร์โค้ด สถานที่ สถานะ
1. วิทยาศาสตร์การแพทย์ และสุขภาพ
หนังสือสำรอง
สถานะ=หนังสือสำรอง
WC100 U66 ฉ.1 
  Barcode: 032967
ห้องสมุดวิทยาเขตสวรรค์ประชารักษ์
►ส่วนจัดเก็บหนังสือเก่า สปร
บนชั้น
  ขอยืม
2. วิทยาศาสตร์การแพทย์ และสุขภาพ
วิทยาศาสตร์การแพทย์ และสุขภาพ
WC100 U66 ฉ.2 
  Barcode: 032968
ห้องสมุดวิทยาเขตสวรรค์ประชารักษ์
►ส่วนจัดเก็บหนังสือเก่า สปร
บนชั้น
  ขอยืม
3. วิทยาศาสตร์การแพทย์ และสุขภาพ
วิทยาศาสตร์การแพทย์ และสุขภาพ
WC100 U66 ฉ.3 
  Barcode: 033814
ห้องสมุดวิทยาเขตสวรรค์ประชารักษ์
►ส่วนจัดเก็บหนังสือเก่า สปร
บนชั้น
  ขอยืม
4. วิทยาศาสตร์การแพทย์ และสุขภาพ
วิทยาศาสตร์การแพทย์ และสุขภาพ
WC100 U66 ฉ.4 
  Barcode: 033815
ห้องสมุดวิทยาเขตสวรรค์ประชารักษ์
►ส่วนจัดเก็บหนังสือเก่า สปร
บนชั้น
  ขอยืม

รายการใกล้เคียง
    หัวเรื่อง [กุมารเวชศาสตร์]
    หัวเรื่อง [โรคติดต่อเชื้อ, การควบคุม]

BibComment


ยังไม่เคยถูกคอมเมนท์

คอมเมนท์ทรัพยากรรายการนี้
  คอมเมนท์: Update on pediat..


 Copyright 2026. Bcnsprnw @Library